000 00546nam a2200157 a 4500
008 120416s1989 ||||||||||||||||| || u
020 _a0075571196
050 _aHA 29 San
100 _aSandy, Robert
245 1 0 _aStatistics for business and economics
260 _aNew York:
_bMcGraw-Hill
_c1989
300 _axvii, 1117p. : ill.
350 _a0.00
650 3 _aP0PULATION STATISTICS
995 _D0.00
_FCBU-MAIN LIBRARY (Kitwe)
_H1
_I45.95
_M1
_UAVAILABLE
_ZMain Library Open Access Collection
999 _c58354
_d58354